00880nam a2200205 i 450000100060000000300090000600500170001500700030003200800410003510000470007624501590012326000760028230000210035850000800037950000430045965100440050265100440054671000370059085200470062795599ES-MaACL20230906181735.0t|050601s1945 sp ||||1| spa d1 aLlanos y Torriglia, Félix de,d1868-194910aRelaciones entre España e Inglaterra en tiempos de los Reyes Católicos / cconferencia pronunciada por el Excmo. Sr. D. Félix de Llanos y Torriglia. aMadrid : b[s.n.], c1945 (fImp. del Ministerio de Asuntos Exteriores) a34 p. ; c23 cm. aPrecede al tít.: Ministerio de Asuntos Exteriores- Escuela Diplomática. aDel v. Conferencias del Curso 1944-45. 4aEspaña-xRelaciones-zGran Bretaña. 4aGran Bretaña-xRelaciones-zEspaña.2 aEscuela Diplomática (España) aES-MaACLj1853-F-7 z.- Ded. ms. del autor